00267nam a2200109Ia 4500008004100000082001600041100002300057245003100080250000900111260002900120300000800149150731s2014 xx 000 0 und d a612bC 14 C aCHAUDHARI,SUJIT K. aCONCISE MEDICAL PHYSIOLOGY a7 TH bN C B A PUB. INDIAc2014 a752